Dibius Cinta : Di kala mata bertentangan mata,biarkan hati yang bicara..

Bibliographic Details
Main Author: Qash Irdina
Format: Book
Published: Kuala Lumpur : Fajar Pakeer Sdn.Bhd , 2012

MARC

LEADER 00000cam a2200000 7i4500
001 0000047286
005 20150506.0
008 150506
020 |a 9673650521 
020 |a 9789673650521 
090 0 0 |a QAS   |b MAL 
100 1 |a Qash Irdina 
245 1 0 |a Dibius Cinta :   |b Di kala mata bertentangan mata,biarkan hati yang bicara..   |c Qash Irdina 
260 |a Kuala Lumpur :   |b Fajar Pakeer Sdn.Bhd ,   |c 2012 
999 |a 0001181155   |b Book   |c Adult Collection   |e Cawangan Bandar Penawar 
999 |a 0001519531   |b Book   |c Adult Collection   |e Cawangan Bandar Tenggara